00739nam a22002057a 4500999001900000005001700019010001500036020002600051035001400077037000900091082001100100100002200111245006700133260005500200270008700255300002600342700001700368942002500385952012300410 c186228d18622820220217154417.0 aENG-131659 a9788195267828c399.00 aEN-115191 bDBAD a690.05 aSowjanya, P. Naga aElements of Building Sciences/cP. Nagar Sowjanya, K.V. Pratap aHyderabadbSunRaise International Publishersc2021 a# 326/C, Level-2, Surneni Nilayam Near B K Guda Park, S R NagarbHyderabade500038 axvi, 360p.c24cm(pbk) aPratap, K.V. 2ddccENh690.05mPRA 001040708NFICaBL1bBL1d2022-02-17eDBAD/PUBg399.00l0o690.05 PRApEN-115191r2022-02-17 00:00:00t1v399.00yEN